LIBRARY & INFORMATION CENTRE, KCAET, TAVANUR

ONLINE PUBLIC ACCESS CATALOGUE (OPAC)

Minor Spices and Condiments: | Crop Management and Post Harvest Technology (Record no. 19436)

MARC details
000 -LEADER
fixed length control field 00368nam a22001457a 4500
003 - CONTROL NUMBER IDENTIFIER
control field OSt
008 - FIXED-LENGTH DATA ELEMENTS--GENERAL INFORMATION
fixed length control field 250221b |||||||| |||| 00| 0 eng d
041 ## - LANGUAGE CODE
Language code of text/sound track or separate title eng
082 ## - DEWEY DECIMAL CLASSIFICATION NUMBER
Classification number 633.83
Item number PRU/MI
100 ## - MAIN ENTRY--AUTHOR NAME
Personal name Pruthy, JS
245 ## - TITLE STATEMENT
Title Minor Spices and Condiments:
Remainder of title Crop Management and Post Harvest Technology
260 ## - PUBLICATION, DISTRIBUTION, ETC. (IMPRINT)
Name of publisher ICAR,
Year of publication 2001.
300 ## - PHYSICAL DESCRIPTION
Number of Pages 782p.
942 ## - ADDED ENTRY ELEMENTS (KOHA)
Koha item type Books
Holdings
Withdrawn status Lost status Damaged status Home library Current library Shelving location Date acquired Cost, normal purchase price Full call number Accession Number Koha item type
      KAUAET KAUAET Reference 21/02/2025 250.00 633.83 PRU/MI 20504 Books
free website counter